[Event "C.to Europeo U14"]
[Site "Fermo ITA"]
[Date "2009.09.07"]
[Round "7"]
[White "Gutierrez Valero, Mario"]
[Black "Real, Thibault"]
[Result "1-0"]
[WhiteElo "2024"]
[BlackElo "1913"]
[PlyCount "83"]
[EventDate "2009.08.31"]

1. d4 Nf6 2. c4 e6 3. Nf3 Bb4+ 4. Bd2 Qe7 5. Nc3 Nc6 6. g3 d6 7. Bg2 e5 8. d5
Nb8 9. Qa4+ Nbd7 10. Qxb4 Nc5 11. Qa3 e4 12. Nd4 Ng4 13. Nd1 O-O 14. h3 Ne5 15.
O-O Nxc4 16. Qc3 Nb6 17. Ne3 f5 18. f4 Qf7 19. b4 Nca4 20. Qb3 Kh8 21. Rac1 h6
22. Ne6 Bxe6 23. dxe6 Qf6 24. Kh2 c6 25. g4 fxg4 26. Nxg4 Qf5 27. Ne3 Qh5 28.
f5 Qxe2 29. Bc3 Nxc3 30. Qxc3 Rfe8 31. f6 Rxe6 32. fxg7+ Kg8 33. Rc2 Qd3 34.
Qe1 Nd5 35. Nxd5 Qxd5 36. Rf4 Qd3 37. Rxe4 Qxc2 38. Rxe6 Qxa2 39. Re7 Rb8 40.
Qe3 Kh7 41. Qe4+ Kg8 42. Qg6 1-0

[Event "C.to Europeo U14"]
[Site "Fermo ITA"]
[Date "2009.09.07"]
[Round "7"]
[White "Lapidus, Mark"]
[Black "Spornberger, Maximilian"]
[Result "1-0"]
[WhiteElo "1921"]
[BlackElo "2111"]
[PlyCount "63"]
[EventDate "2009.08.31"]

1. Nf3 g6 2. c4 Bg7 3. Nc3 d6 4. g3 Nf6 5. Bg2 O-O 6. d3 e5 7. O-O Nc6 8. e4
Ne8 9. Bg5 f6 10. Be3 f5 11. Qd2 Nf6 12. h3 Be6 13. b3 Qc8 14. Kh2 Nd8 15. Rac1
Nf7 16. Nh4 c6 17. f4 Qd7 18. exf5 gxf5 19. Rce1 Nh5 20. fxe5 Bxe5 21. Ne2 Bf6
22. Nf3 Ne5 23. Nfd4 Ng7 24. Nxe6 Qxe6 25. d4 Ng6 26. d5 Qd7 27. dxc6 bxc6 28.
Nd4 Rac8 29. Nxc6 Kh8 30. Nxa7 Rb8 31. Nb5 Be5 32. Bd4 1-0

[Event "C.to Europeo U14"]
[Site "Fermo ITA"]
[Date "2009.09.07"]
[Round "7"]
[White "Palazzotto, Roberto"]
[Black "Della Sala, Bruno"]
[Result "1-0"]
[WhiteElo "1820"]
[BlackElo "1629"]
[PlyCount "81"]
[EventDate "2009.08.31"]

1. e4 e5 2. Nf3 Nc6 3. Bb5 a6 4. Ba4 f5 5. Bxc6 dxc6 6. Nc3 fxe4 7. Nxe4 Nf6 8.
Qe2 Bd6 9. O-O O-O 10. h3 Nxe4 11. Qxe4 Bf5 12. Qc4+ Kh8 13. d3 Qe8 14. Qh4 Qg6
15. Re1 Rae8 16. Ng5 h6 17. Ne4 Bxe4 18. Qxe4 Qxe4 19. Rxe4 Bc5 20. Be3 Bxe3
21. Rxe3 c5 22. Rae1 Rf5 23. g4 Rf4 24. Rxe5 Rxe5 25. Rxe5 b6 26. Re7 c6 27.
Re6 Rf6 28. Rxf6 gxf6 29. Kg2 Kg7 30. Kf3 Kg6 31. Kf4 a5 32. h4 b5 33. h5+ Kg7
34. Kf5 Kf7 35. f4 a4 36. g5 fxg5 37. fxg5 hxg5 38. Kxg5 Kg7 39. Kf5 Kh6 40.
Ke5 Kxh5 41. Kd6 1-0

[Event "C.to Europeo U14"]
[Site "Fermo ITA"]
[Date "2009.09.07"]
[Round "7"]
[White "Stella, Luca"]
[Black "Grigoryan, Karen H."]
[Result "0-1"]
[WhiteElo "1987"]
[BlackElo "2254"]
[PlyCount "62"]
[EventDate "2009.08.31"]

1. e4 c5 2. Nf3 d6 3. d3 Nc6 4. Nbd2 Nf6 5. g3 g6 6. Bg2 Bg7 7. O-O O-O 8. c3
Rb8 9. h3 Nd7 10. Qc2 e5 11. a4 f5 12. Nc4 Nb6 13. Qb3 Nxc4 14. Qxc4+ Kh8 15.
Ng5 Qe7 16. exf5 gxf5 17. Bd5 Nd8 18. f4 Bf6 19. Nf3 Nf7 20. Bd2 exf4 21. Bxf4
Ne5 22. Bxe5 dxe5 23. Rae1 Bd7 24. a5 b5 25. Qa2 c4 26. dxc4 e4 27. Kh2 Qg7 28.
Nd4 Be5 29. Ne2 h5 30. Nf4 h4 31. Re3 Qh6 0-1

[Event "C.to Europeo U14"]
[Site "Fermo ITA"]
[Date "2009.09.08"]
[Round "8"]
[White "Bortnik, Alexandr"]
[Black "Berbatov, Kiprian"]
[Result "1-0"]
[WhiteElo "2308"]
[BlackElo "2398"]
[PlyCount "207"]
[EventDate "2009.08.31"]

1. e4 c5 2. Nf3 d6 3. d4 cxd4 4. Nxd4 Nf6 5. Nc3 a6 6. Bg5 e6 7. f4 Qc7 8. Qf3
b5 9. Bd3 b4 10. Nce2 Nbd7 11. O-O Bb7 12. Nb3 Be7 13. Rae1 h6 14. Bh4 O-O 15.
Qh3 Rfe8 16. Ned4 Bf8 17. e5 dxe5 18. fxe5 Nd5 19. Qg3 Nc5 20. Be2 Nxb3 21.
Nxb3 Qb6+ 22. Rf2 Ne3 23. Kh1 Nf5 24. Qh3 a5 25. Bd3 a4 26. Nd2 Bc5 27. Nc4
Bxf2 28. Nxb6 Nxh4 29. Rg1 Nxg2 30. Rxg2 Bxb6 31. Qg4 Bxg2+ 32. Kxg2 Bc7 33.
Qxb4 Bxe5 34. b3 axb3 35. axb3 f5 36. Qc5 Bf6 37. b4 g6 38. b5 Rac8 39. Qd6
Rcd8 40. Qc6 Rc8 41. Qd6 Rcd8 42. Qc6 Be5 43. b6 g5 44. Qb5 Bd4 45. b7 Ba7 46.
c4 Bb8 47. c5 Re7 48. c6 Kf7 49. Bc4 Kf6 50. Qb6 Rg8 51. Qe3 h5 52. Qc3+ Be5
53. Qc2 h4 54. Bxe6 h3+ 55. Kf1 Rxe6 56. c7 Bxc7 57. Qxc7 Ree8 58. Kf2 Rd8 59.
Qc6+ Kg7 60. Qc3+ Kg6 61. Qxh3 Rd2+ 62. Ke1 Rb2 63. Qc3 Rb1+ 64. Kf2 Kh5 65.
Qc8 Rb2+ 66. Ke1 Rxc8 67. bxc8=Q Rb1+ 68. Kd2 Rb2+ 69. Kd1 Rb1+ 70. Kc2 Rf1 71.
Kd2 Rf4 72. Ke2 Re4+ 73. Kf2 Kg6 74. Qg8+ Kf6 75. h3 Rf4+ 76. Kg3 Re4 77. Qh8+
Kg6 78. Qd8 Re3+ 79. Kg2 Re4 80. Qd6+ Kg7 81. Qa6 Re7 82. Qb6 Re4 83. Kg3 Re3+
84. Kf2 Re4 85. Kf3 Rf4+ 86. Kg3 Re4 87. Qc7+ Kg6 88. Qc6+ Kg7 89. Qa6 Re3+ 90.
Kf2 Re4 91. Kg2 Re7 92. Qb5 Kf6 93. Qb6+ Kg7 94. Qc5 Re2+ 95. Kg1 Re1+ 96. Kf2
Re4 97. Qc8 Re7 98. Qd8 Kf7 99. Qh8 Kg6 100. Qg8+ Kf6 101. Qf8+ Ke6 102. Qh6+
Ke5 103. Qxg5 Rb7 104. h4 1-0

[Event "C.to Europeo U14"]
[Site "Fermo ITA"]
[Date "2009.09.08"]
[Round "8"]
[White "Bukavshin, Ivan"]
[Black "Ostovic, Matija"]
[Result "1-0"]
[WhiteElo "2404"]
[BlackElo "2090"]
[PlyCount "137"]
[EventDate "2009.08.31"]

1. d4 d5 2. c4 c6 3. Nc3 Nf6 4. Nf3 a6 5. a4 e6 6. Bg5 a5 7. e3 Be7 8. Bd3 O-O
9. O-O Na6 10. Na2 h6 11. Bh4 Nd7 12. Bg3 Nb4 13. Nxb4 axb4 14. Qc2 Nb6 15. Nd2
dxc4 16. Nxc4 Nxc4 17. Qxc4 Bd6 18. Be4 Bxg3 19. hxg3 Qd6 20. Rfd1 Ra5 21. b3
Bd7 22. Rac1 Rc8 23. Qe2 Qe7 24. Qd2 e5 25. Rc4 Be6 26. Qxb4 Qxb4 27. Rxb4 exd4
28. exd4 Rc7 29. Rb6 Rd7 30. Bc2 Bf5 31. Bxf5 Rxf5 32. Rc1 Re7 33. f3 Rd5 34.
Rc4 f6 35. Rcb4 Rdd7 36. g4 Kf7 37. Kh2 Ke6 38. a5 Kd5 39. Kg3 Rc7 40. Kf4 g6
41. a6 bxa6 42. Rxa6 Rb7 43. Rc4 Rec7 44. Ra5+ Kd6 45. b4 Rb6 46. Rac5 Re7 47.
Kg3 Ra7 48. Rc1 Rab7 49. R5c4 Ra7 50. Rh1 Rh7 51. f4 Kd5 52. Rc5+ Kd6 53. d5
cxd5 54. Rd1 Rhb7 55. Rdxd5+ Ke7 56. b5 Rd7 57. f5 Rxd5 58. Rxd5 gxf5 59. gxf5
Rb8 60. Kh4 h5 61. g3 Rg8 62. Rd4 Rb8 63. Rb4 Kd6 64. b6 Ke5 65. Rb5+ Ke4 66.
b7 Kf3 67. Rb4 Kg2 68. Rb3 Kg1 69. Rb2 1-0

[Event "C.to Europeo U14"]
[Site "Fermo ITA"]
[Date "2009.09.08"]
[Round "8"]
[White "De Filomeno, Simone"]
[Black "Gattafoni, Alessio"]
[Result "1-0"]
[WhiteElo "2221"]
[BlackElo "1686"]
[PlyCount "119"]
[EventDate "2009.08.31"]

1. f4 d5 2. Nf3 g6 3. g3 c6 4. Bg2 Qb6 5. d4 Bg7 6. e3 Nf6 7. O-O O-O 8. Nbd2
Nbd7 9. Ne5 Nxe5 10. fxe5 Ne8 11. c4 Be6 12. c5 Qd8 13. Nf3 f6 14. exf6 exf6
15. Qb3 Qd7 16. Bd2 Kh8 17. Rae1 Bf5 18. Nh4 Be4 19. Bxe4 dxe4 20. Ng2 f5 21.
Nf4 Nf6 22. Bc3 Nd5 23. Nxd5 cxd5 24. a4 a6 25. Qa2 g5 26. b3 Bh6 27. Kh1 f4
28. gxf4 gxf4 29. exf4 Bxf4 30. Rxe4 dxe4 31. d5+ Kg8 32. Qg2+ Kf7 33. Rxf4+
Ke8 34. Rxe4+ Kd8 35. Qg5+ Kc8 36. Qg4 a5 37. d6 Qxg4 38. Rxg4 Kd7 39. Rg7+ Kc6
40. Rc7+ Kd5 41. d7 Ke6 42. Rxb7 Rg8 43. Rb6+ Kxd7 44. Rd6+ Kc7 45. Be5 Rae8
46. Bg3 Rxg3 47. hxg3 Re3 48. Kg2 Rxb3 49. Ra6 Rb4 50. Rxa5 h5 51. Ra7+ Kc6 52.
Rh7 Kxc5 53. Rxh5+ Kd6 54. Rh4 Rb2+ 55. Kh3 Ke5 56. Rf4 Ra2 57. Kg4 Ra3 58. Kh4
Ra1 59. Kg5 Ke6 60. g4 1-0

[Event "C.to Europeo U14"]
[Site "Fermo ITA"]
[Date "2009.09.08"]
[Round "8"]
[White "Marsili, Riccardo"]
[Black "Malec, Sebastian"]
[Result "1-0"]
[WhiteElo "1873"]
[BlackElo "2041"]
[PlyCount "58"]
[EventDate "2009.08.31"]

1. e4 c5 2. Nf3 d6 3. d4 cxd4 4. Nxd4 Nf6 5. Nc3 Nc6 6. f3 e5 7. Nb3 Be7 8. Be3
O-O 9. Qd2 a5 10. a4 Nb4 11. Nd5 Nfxd5 12. exd5 Bf5 13. Rc1 Qd7 14. Bb5 Qc7 15.
c3 Na6 16. O-O Bg6 17. Qf2 Nc5 18. Nxc5 dxc5 19. Rfd1 Bd6 20. b4 b6 21. Bc6 Qe7
22. Bxa8 Rxa8 23. bxc5 bxc5 24. c4 f6 25. f4 Be8 26. Qc2 Qd7 27. Ra1 Bh5 28.
Rdb1 Bg4 29. Rb5 exf4 1-0

[Event "C.to Europeo U14"]
[Site "Fermo ITA"]
[Date "2009.09.08"]
[Round "8"]
[White "Santeramo, Domenico"]
[Black "Bisi, Samuele"]
[Result "1-0"]
[WhiteElo "1852"]
[BlackElo "1777"]
[PlyCount "71"]
[EventDate "2009.08.31"]

1. e4 e5 2. f4 d5 3. exd5 e4 4. Nc3 Nf6 5. d3 Bb4 6. Bd2 Bf5 7. dxe4 Bxc3 8.
Bxc3 Bxe4 9. Bb5+ c6 10. dxc6 Qxd1+ 11. Rxd1 bxc6 12. Bf1 O-O 13. Rd2 Re8 14.
Ne2 Nd5 15. Kd1 Ne3+ 16. Kc1 c5 17. Ng3 Bb7 18. Bb5 Nc6 19. Rd7 Rab8 20. Rxb7
Rxb7 21. Bxc6 Rbe7 22. Bxe8 Rxe8 23. Re1 Kf8 24. Bxg7+ Kxg7 25. Nf5+ Kf6 26.
Nxe3 Kg6 27. g4 Re4 28. f5+ Kg5 29. h4+ Kf4 30. Nd5+ Ke5 31. Rxe4+ Kxe4 32.
Nf6+ Kf4 33. Kd2 h6 34. Kd3 Kg3 35. g5 hxg5 36. hxg5 1-0

[Event "C.to Europeo U14"]
[Site "Fermo ITA"]
[Date "2009.09.08"]
[Round "8"]
[White "Santos Latasa, Jaime"]
[Black "Dragun, Kamil"]
[Result "0-1"]
[WhiteElo "2256"]
[BlackElo "2232"]
[PlyCount "88"]
[EventDate "2009.08.31"]

1. d4 Nf6 2. c4 c5 3. d5 b5 4. cxb5 a6 5. bxa6 g6 6. Nc3 Bxa6 7. Nf3 Bg7 8. g3
d6 9. Bg2 O-O 10. Rb1 Nbd7 11. O-O Qa5 12. Bd2 Rfb8 13. Qc2 Qc7 14. Rfd1 Nb6
15. Bc1 Bc4 16. Nd2 Bxa2 17. Nxa2 Rxa2 18. e4 Nfd7 19. Bf1 Qa7 20. Nc4 Ne5 21.
Nxb6 Qxb6 22. Kg2 Qa7 23. f4 Nd7 24. Bc4 Ra1 25. Rxa1 Qxa1 26. b3 Ra8 27. Rd2
Nb6 28. Bd3 Bd4 29. Re2 Nd7 30. g4 Kg7 31. Bc4 Nf6 32. g5 Nxe4 33. Kf3 Nc3 34.
Re1 Ra2 35. Qd3 Rf2+ 36. Kg3 Qa2 37. Be3 Rxh2 38. Bxd4+ cxd4 39. Qxd4+ Kg8 40.
Bf1 Qb2 41. Kg4 Rd2 42. Bd3 Rg2+ 43. Kf3 Rh2 44. Rg1 Ne2 0-1

[Event "C.to Europeo U14"]
[Site "Fermo ITA"]
[Date "2009.09.08"]
[Round "8"]
[White "Siagodnik, Anton"]
[Black "Andersen, Mads"]
[Result "1-0"]
[WhiteElo "1906"]
[BlackElo "2336"]
[PlyCount "97"]
[EventDate "2009.08.31"]

1. d4 Nf6 2. g3 d5 3. Bg2 c6 4. Nf3 Bf5 5. O-O h6 6. c4 e6 7. Nc3 Nbd7 8. Nd2
Be7 9. e4 dxe4 10. Ndxe4 O-O 11. Nxf6+ Nxf6 12. d5 cxd5 13. cxd5 e5 14. Be3 Bd6
15. Rc1 Qd7 16. Qb3 Bd3 17. Rfd1 Ba6 18. a4 Ng4 19. Ne4 Nxe3 20. Qxe3 f5 21.
Bh3 Rad8 22. Qxa7 Bb8 23. Qb6 Qe8 24. Nc5 Rd6 25. Qb3 Qh5 26. Bg2 Ba7 27. Nxa6
bxa6 28. Rc6 Rfd8 29. Rdc1 Qe2 30. Rf1 Kh7 31. Qb7 Bd4 32. Qe7 Rxd5 33. Bxd5
Rxd5 34. Rxh6+ Kxh6 35. Qe6+ Kh7 36. Qxf5+ g6 37. Qf7+ Kh6 38. Qxd5 Qxb2 39. h4
Qa3 40. Kh2 Qxa4 41. Qd8 e4 42. Rc1 Bg7 43. Qg5+ Kh7 44. h5 Qd7 45. Qxg6+ Kh8
46. Qxe4 Qf7 47. Rc8+ Bf8 48. Qe5+ Kh7 49. Rc7 1-0

[Event "C.to Europeo U14"]
[Site "Fermo ITA"]
[Date "2009.09.08"]
[Round "8"]
[White "Zinnai, Graziano Matteo"]
[Black "Giovanzanti, Francesco"]
[Result "0-1"]
[WhiteElo "1503"]
[BlackElo "1599"]
[PlyCount "86"]
[EventDate "2009.08.31"]

1. e4 e5 2. Nf3 Nc6 3. d3 Bc5 4. Be2 d6 5. O-O Be6 6. c3 Bg4 7. Nbd2 Nf6 8. b4
Bb6 9. Bb2 Qd7 10. Re1 O-O 11. Bf1 a6 12. h3 Bh5 13. a3 Rfe8 14. Nc4 Ba7 15.
Ne3 d5 16. Nf5 Rad8 17. Ng3 Bg6 18. Nh4 dxe4 19. Nxg6 fxg6 20. dxe4 Qxd1 21.
Raxd1 Rf8 22. c4 Bxf2+ 23. Kxf2 Nxe4+ 24. Kg1 Nxg3 25. Rxd8 Rxd8 26. b5 axb5
27. cxb5 Nd4 28. Bc4+ Kf8 29. Rxe5 Ndf5 30. a4 Rd1+ 31. Kf2 Rd2+ 32. Re2 Nxe2
33. Ba3+ Ke8 34. Bxe2 Nd4 35. Ke3 Rxe2+ 36. Kxd4 Rxg2 37. a5 Kd7 38. Kc5 Rg3
39. Kb4 Rxh3 40. a6 bxa6 41. bxa6 Rxa3 42. Kxa3 Kc6 43. a7 Kb7 0-1

[Event "C.to Europeo U14"]
[Site "Fermo ITA"]
[Date "2009.09.09"]
[Round "9"]
[White "Berbatov, Kiprian"]
[Black "De Filomeno, Simone"]
[Result "1/2-1/2"]
[WhiteElo "2398"]
[BlackElo "2221"]
[PlyCount "116"]
[EventDate "2009.08.31"]

1. e4 c5 2. Nf3 Nc6 3. d4 cxd4 4. Nxd4 g6 5. Nc3 Bg7 6. Be3 Nf6 7. Bc4 Qa5 8.
O-O O-O 9. Bb3 d6 10. h3 Bd7 11. f4 Nxd4 12. Bxd4 Bc6 13. Qd3 Rad8 14. Nd5 Bxd5
15. exd5 Nd7 16. Bxg7 Kxg7 17. Rae1 Rfe8 18. Re3 Nc5 19. Qd4+ Kg8 20. f5 Nxb3
21. Rxb3 b6 22. fxg6 hxg6 23. Kh2 e5 24. dxe6 Rxe6 25. Rbf3 Rd7 26. Rd1 Qe5+
27. Qxe5 Rxe5 28. Rfd3 Re2 29. R1d2 Rxd2 30. Rxd2 f5 31. Kg3 Kf7 32. Kf4 Kf6
33. h4 d5 34. c3 Re7 35. Rxd5 Re2 36. Rd6+ Kf7 37. Rd7+ Ke6 38. Rxa7 Rxg2 39.
b3 Rg4+ 40. Kf3 Rxh4 41. Ra6 Ke5 42. Rxb6 Rh3+ 43. Ke2 Rxc3 44. a4 g5 45. a5 g4
46. a6 Rc2+ 47. Kd3 Ra2 48. b4 f4 49. Rb5+ Kd6 50. Rg5 f3 51. Rxg4 f2 52. Rf4
Rxa6 53. Rxf2 Kc7 54. Kc4 Rh6 55. Kb5 Kb7 56. Rf7+ Kb8 57. Ka5 Rh5+ 58. b5 Rh6
1/2-1/2

[Event "C.to Europeo U14"]
[Site "Fermo ITA"]
[Date "2009.09.09"]
[Round "9"]
[White "Doros, Radu-Marian"]
[Black "Bok, Benjamin"]
[Result "1-0"]
[WhiteElo "2192"]
[BlackElo "2360"]
[PlyCount "173"]
[EventDate "2009.08.31"]

1. e4 e5 2. Nf3 Nc6 3. Bc4 Bc5 4. c3 Nf6 5. d4 exd4 6. e5 d5 7. Bb5 Ne4 8. cxd4
Bb6 9. Be3 O-O 10. O-O Bg4 11. Bxc6 bxc6 12. h3 Bh5 13. Nbd2 Nxd2 14. Qxd2 Bxf3
15. gxf3 Qh4 16. Kg2 f6 17. f4 Rae8 18. Rg1 fxe5 19. fxe5 Rf5 20. Kh2 Rf3 21.
Rg3 Rxg3 22. fxg3 Qe4 23. Rf1 Rf8 24. Rxf8+ Kxf8 25. b4 Ke8 26. Bf2 Qf3 27. Kg1
Qf5 28. h4 Ke7 29. Kg2 Qe4+ 30. Kh2 Qf5 31. a3 Ke6 32. Qe3 Qg4 33. Kg2 Qf5 34.
Qf3 h5 35. Qe3 Kd7 36. Kh2 Ke6 37. Qd2 Kd7 38. Kg2 Qe4+ 39. Kg1 Qb1+ 40. Kh2
Qf5 41. Qe3 Ke6 42. Kg1 Qb1+ 43. Kg2 Qf5 44. Qc3 Kd7 45. a4 a6 46. a5 Ba7 47.
Qd2 Ke6 48. Qe2 Kd7 49. g4 hxg4 50. Kg3 g5 51. hxg5 Qxg5 52. Qxa6 Qh6 53. Qe2
Qh3+ 54. Kf4 g3 55. Bg1 Qh6+ 56. Kxg3 Qc1 57. Be3 Qc3 58. Kh4 Kc8 59. a6 Kb8
60. Qd2 Qxd2 61. Bxd2 Bxd4 62. e6 Kc8 63. Bg5 Bb6 64. Be7 d4 65. Kg3 d3 66. Kf3
d2 67. Ke2 Be3 68. Bc5 Bg5 69. e7 Bxe7 70. Bxe7 Kb8 71. Bc5 d1=Q+ 72. Kxd1 Ka8
73. Kd2 Kb8 74. Kd3 Ka8 75. Kd4 Kb8 76. Ke5 Ka8 77. Ke6 Kb8 78. Kd7 Ka8 79.
Kxc6 Kb8 80. Bb6 cxb6 81. Kxb6 Ka8 82. Kc6 Kb8 83. b5 Ka7 84. Kc7 Ka8 85. a7
Kxa7 86. b6+ Ka8 87. b7+ 1-0

[Event "C.to Europeo U14"]
[Site "Fermo ITA"]
[Date "2009.09.09"]
[Round "9"]
[White "Dragun, Kamil"]
[Black "Bukavshin, Ivan"]
[Result "1/2-1/2"]
[WhiteElo "2232"]
[BlackElo "2404"]
[PlyCount "34"]
[EventDate "2009.08.31"]

1. e4 c5 2. Nf3 d6 3. d4 cxd4 4. Nxd4 Nf6 5. f3 e5 6. Nb3 a5 7. Bb5+ Nc6 8. Nc3
Be7 9. Be3 O-O 10. Qd2 Na7 11. Bc4 a4 12. Nc1 Be6 13. Nd5 Bxd5 14. Bxd5 Qc7 15.
c4 Nc8 16. Ne2 Nb6 17. Qb4 Nfd7 1/2-1/2

[Event "C.to Europeo U14"]
[Site "Fermo ITA"]
[Date "2009.09.09"]
[Round "9"]
[White "Palazzotto, Roberto"]
[Black "Villa, Giorgio"]
[Result "1-0"]
[WhiteElo "1820"]
[BlackElo "1670"]
[PlyCount "41"]
[EventDate "2009.08.31"]

1. e4 c5 2. Nf3 e6 3. d4 cxd4 4. Nxd4 Nf6 5. Bd3 Nc6 6. Nxc6 bxc6 7. O-O d5 8.
Qe2 Be7 9. Bg5 O-O 10. Nd2 Nd7 11. Bxe7 Qxe7 12. exd5 cxd5 13. c4 Bb7 14. cxd5
Bxd5 15. Rfe1 Nc5 16. Bc2 Qb7 17. Nf1 Bxg2 18. Qh5 Be4 19. Qxc5 Rac8 20. Bxe4
Qxe4 21. Qxf8+ 1-0

[Event "C.to Europeo U14"]
[Site "Fermo ITA"]
[Date "2009.09.09"]
[Round "9"]
[White "Petras, Marian"]
[Black "Dazj, Andrea"]
[Result "1/2-1/2"]
[WhiteElo "1797"]
[BlackElo "1515"]
[PlyCount "52"]
[EventDate "2009.08.31"]

1. e4 c5 2. Nf3 d6 3. d4 cxd4 4. Nxd4 Nf6 5. Nc3 a6 6. Be3 e5 7. Nb3 Be6 8. f4
Qc7 9. Qd2 Nbd7 10. f5 Bc4 11. O-O-O b5 12. Bd3 Rb8 13. Rhe1 a5 14. Kb1 a4 15.
Nc1 Be7 16. Qe2 Bxd3 17. Qxd3 Qa5 18. h3 b4 19. Nd5 Nxd5 20. Qxd5 Qxd5 21. Rxd5
Nf6 22. Ba7 Nxd5 23. Bxb8 Nf4 24. Nd3 Nxd3 25. cxd3 Kd7 26. Ba7 Bg5 1/2-1/2

[Event "C.to Europeo U14"]
[Site "Fermo ITA"]
[Date "2009.09.09"]
[Round "9"]
[White "Siagodnik, Anton"]
[Black "Bortnik, Alexandr"]
[Result "1-0"]
[WhiteElo "1906"]
[BlackElo "2308"]
[PlyCount "71"]
[EventDate "2009.08.31"]

1. d4 f5 2. g3 Nf6 3. Bg2 g6 4. Nh3 Bg7 5. Nf4 O-O 6. h4 d6 7. d5 c6 8. Nc3 Qe8
9. h5 Na6 10. Be3 Nc7 11. hxg6 hxg6 12. Qd2 Bd7 13. O-O-O Rc8 14. Bd4 c5 15.
Bxf6 exf6 16. g4 b5 17. gxf5 Bxf5 18. e4 Bd7 19. Rdg1 b4 20. Nce2 f5 21. Bh3
Rf6 22. exf5 Bxf5 23. Bxf5 Rxf5 24. Rxg6 Qe5 25. Nd3 Qxd5 26. Qh6 Ne8 27. Nef4
Rxf4 28. Nxf4 Qd4 29. Nd3 Rc7 30. Rh4 Qd5 31. Rg5 Qc6 32. Qh8+ Kf7 33. Rf4+ Ke6
34. Qg8+ Kd7 35. Rxg7+ Nxg7 36. Rf7+ 1-0

[Event "C.to Europeo U14"]
[Site "Fermo ITA"]
[Date "2009.09.09"]
[Round "9"]
[White "Tallo Dominguez, Imar"]
[Black "Gutierrez Valero, Mario"]
[Result "0-1"]
[WhiteElo "2124"]
[BlackElo "2024"]
[PlyCount "94"]
[EventDate "2009.08.31"]

1. e4 c5 2. Nf3 Nc6 3. d4 cxd4 4. Nxd4 Nf6 5. Nc3 e5 6. Ndb5 d6 7. Bg5 a6 8.
Na3 b5 9. Nd5 Be7 10. Bxf6 Bxf6 11. c3 Bg5 12. Nc2 O-O 13. a4 bxa4 14. Rxa4 a5
15. b3 Rb8 16. Bc4 Kh8 17. Nce3 g6 18. Qe2 f5 19. h4 Bxe3 20. Qxe3 f4 21. Qe2
Be6 22. h5 g5 23. Nxf4 Bxc4 24. Ng6+ Kg7 25. Rxc4 hxg6 26. Rxc6 Rxb3 27. O-O
Rb6 28. Rxb6 Qxb6 29. Qg4 Qd8 30. Rb1 Qf6 31. f3 Qe7 32. Kf2 Rf4 33. Qc8 Rf8
34. Qa6 Rf7 35. h6+ Kxh6 36. Qxa5 g4 37. Rh1+ Kg7 38. Qa8 Rf8 39. Qd5 Qf6 40.
Qd2 g5 41. Qe3 gxf3 42. gxf3 g4 43. Ke1 Ra8 44. Kf2 Ra2+ 45. Kg3 gxf3 46. Rf1
Rg2+ 47. Kh3 Qe6+ 0-1

[Event "C.to Europeo U14 femminile"]
[Site "Fermo ITA"]
[Date "2009.08.31"]
[Round "1"]
[White "Efroimski, Marsel"]
[Black "Bacic, Kristina"]
[Result "1-0"]
[WhiteElo "2066"]
[BlackElo "1755"]
[PlyCount "25"]
[EventDate "2009.08.31"]

1. e4 d5 2. exd5 Qxd5 3. Nc3 Qa5 4. d4 Nf6 5. Bc4 c6 6. Qe2 Bg4 7. f3 Bh5 8.
Bd2 Nbd7 9. g4 Bg6 10. f4 h6 11. f5 Bh7 12. Nb5 Qb6 13. Nd6+ 1-0

[Event "C.to Europeo U14 femminile"]
[Site "Fermo ITA"]
[Date "2009.08.31"]
[Round "1"]
[White "Ordonez Torres, Maria Del Carmen"]
[Black "Lezhepekova, Veronika"]
[Result "1/2-1/2"]
[WhiteElo "1780"]
[BlackElo "2118"]
[PlyCount "86"]
[EventDate "2009.08.31"]

1. e4 d6 2. d4 Nf6 3. Nc3 g6 4. f3 Bg7 5. Be3 c6 6. Qd2 b5 7. g4 h5 8. g5 Nfd7
9. O-O-O a5 10. f4 Nb6 11. Bd3 Nc4 12. Bxc4 bxc4 13. Rf1 e6 14. Nf3 d5 15. Ne5
a4 16. a3 Qb6 17. Rhg1 Nd7 18. f5 Rb8 19. Nd1 Nxe5 20. dxe5 Qc7 21. f6 Bf8 22.
exd5 cxd5 23. Bd4 Ba6 24. Rf3 Bc5 25. Rg2 Qb6 26. c3 Kd7 27. Qf2 Rhc8 28. Bxc5
Rxc5 29. Qc2 Qb3 30. Qxb3 cxb3 31. Rf4 Bb5 32. Rd4 Rbc8 33. Rf2 Kc6 34. Rff4
Kb6 35. Kd2 R8c7 36. Ke3 Ka5 37. Kd2 Kb6 38. h3 Rc4 39. Ne3 R4c5 40. Nd1 Rc4
41. Ne3 R4c5 42. Nd1 Rc4 43. Ne3 R4c5 1/2-1/2

[Event "C.to Europeo U14 femminile"]
[Site "Fermo ITA"]
[Date "2009.08.31"]
[Round "1"]
[White "Roy, Ali"]
[Black "Lach, Aleksandra"]
[Result "0-1"]
[WhiteElo "1762"]
[BlackElo "2069"]
[PlyCount "106"]
[EventDate "2009.08.31"]

1. e4 c5 2. Nf3 a6 3. c3 d6 4. Bd3 Qc7 5. Bc2 g6 6. O-O Bg7 7. d3 Nf6 8. Nbd2
O-O 9. Re1 Nbd7 10. Nf1 b5 11. Ng3 Bb7 12. Bd2 Rad8 13. Rc1 Nb6 14. Qe2 Nfd7
15. Be3 Rde8 16. Qd2 d5 17. Bh6 dxe4 18. Bxg7 Kxg7 19. Nxe4 f5 20. Neg5 e5 21.
Qe2 Nd5 22. Nh3 N5f6 23. Nd2 Nb6 24. f3 h6 25. Nf1 Nbd5 26. Qd2 Nh5 27. Ne3
Ndf4 28. Nxf4 Nxf4 29. Rcd1 Rd8 30. Qf2 Rf6 31. Qf1 Rfd6 32. g3 Ne6 33. Ng2 Ng5
34. Re3 Qc6 35. Ne1 Kf6 36. h4 Nf7 37. Re2 g5 38. Qh3 Bc8 39. Qh2 Rg8 40. h5
Kg7 41. Qf2 Rgd8 42. Red2 g4 43. fxg4 fxg4 44. d4 Rf6 45. Qg2 Qxg2+ 46. Kxg2
exd4 47. cxd4 Rfd6 48. Bb3 Bb7+ 49. Kf2 Ng5 50. Kf1 Ne4 51. Rc2 c4 52. Bxc4
bxc4 53. Rxc4 Nxg3+ 0-1

[Event "C.to Europeo U14 femminile"]
[Site "Fermo ITA"]
[Date "2009.08.31"]
[Round "1"]
[White "Samigullina, Diana"]
[Black "Gaboyan, Susanna"]
[Result "1-0"]
[WhiteElo "2152"]
[BlackElo "1788"]
[PlyCount "136"]
[EventDate "2009.08.31"]

1. d4 d5 2. c4 e6 3. Nc3 c6 4. cxd5 exd5 5. Qc2 Bd6 6. Nf3 Ne7 7. e3 Bf5 8. Bd3
Bxd3 9. Qxd3 O-O 10. Bd2 Nd7 11. O-O Ng6 12. Ne2 Nh4 13. Nxh4 Qxh4 14. f4 Nf6
15. Rf3 Ne4 16. Ng3 f5 17. Be1 Qe7 18. Qb3 Nxg3 19. Rxg3 Rf6 20. Bd2 a5 21. a3
Qc7 22. Rc1 Ra6 23. Rg5 h6 24. Rg3 Qb6 25. Qc2 Qb5 26. Bc3 Rb6 27. Rh3 Bf8 28.
Kh1 Ra6 29. Rg1 a4 30. Rh5 g6 31. Rh4 Qb3 32. Qd3 Qc4 33. Qxc4 dxc4 34. g4 Kf7
35. g5 hxg5 36. Rh7+ Kg8 37. Rxb7 g4 38. h3 gxh3 39. d5 Rd6 40. Be5 h2 41. Kxh2
cxd5 42. Bxd6 Rxd6 43. Rd1 Bg7 44. Kg3 Bf6 45. Kf3 Bg7 46. Rb4 Kf7 47. Rd2 c3
48. bxc3 Bxc3 49. Rb7+ Kf6 50. Rd3 d4 51. exd4 Bxd4 52. Rb4 Bc5 53. Rxd6+ Bxd6
54. Rxa4 Ke6 55. Ra6 Kd5 56. a4 Kc5 57. a5 Bc7 58. Rxg6 Bxa5 59. Rg5 Kd6 60.
Rxf5 Bc3 61. Ke4 Ke6 62. Rb5 Bf6 63. Rb6+ Ke7 64. Kf5 Bd4 65. Rb7+ Kf8 66. Kg6
Bc3 67. f5 Be5 68. f6 Bd6 1-0

[Event "C.to Europeo U14 femminile"]
[Site "Fermo ITA"]
[Date "2009.08.31"]
[Round "1"]
[White "Ziaziulkina, Nastassia"]
[Black "Morea, Georgiana-Steluta"]
[Result "1-0"]
[WhiteElo "2101"]
[BlackElo "1763"]
[PlyCount "78"]
[EventDate "2009.08.31"]

1. e4 c5 2. Nf3 e6 3. d4 cxd4 4. Nxd4 a6 5. Bd3 Qc7 6. O-O Nf6 7. Qe2 d6 8. Kh1
Be7 9. f4 Nbd7 10. c4 b6 11. Nc3 Bb7 12. Bd2 Rc8 13. Rae1 Nc5 14. Bb1 Rd8 15.
Nf3 O-O 16. b4 Ncd7 17. a3 Ba8 18. Bd3 h6 19. Nd4 Rfe8 20. Nf3 Bf8 21. Qf2 Be7
22. Qe2 Bf8 23. Rc1 Bb7 24. Be3 Ng4 25. Bg1 Ngf6 26. Nd2 g6 27. Bd4 e5 28. Nd5
Nxd5 29. cxd5 Qb8 30. fxe5 Nxe5 31. Nb3 Rd7 32. Be3 Qd8 33. Bxa6 Bxa6 34. Qxa6
Qh4 35. Qe2 Ng4 36. Bg1 Bg7 37. Qf3 f5 38. exf5 Re3 39. Rc8+ Bf8 1-0

[Event "C.to Europeo U14 femminile"]
[Site "Fermo ITA"]
[Date "2009.09.01"]
[Round "2"]
[White "Bauer, Valentina"]
[Black "Matuozzo, Daniela"]
[Result "1-0"]
[WhiteElo "1665"]
[BlackElo "1491"]
[PlyCount "119"]
[EventDate "2009.08.31"]

1. e4 d6 2. Nf3 Nf6 3. Nc3 c5 4. Bb5+ Bd7 5. Bxd7+ Qxd7 6. O-O Nc6 7. d3 h6 8.
h3 g5 9. Nh2 e5 10. Be3 O-O-O 11. Qf3 Bg7 12. a3 Nd4 13. Bxd4 exd4 14. Ne2 h5
15. Ng3 g4 16. hxg4 hxg4 17. Qf5 Rh4 18. Qxd7+ Kxd7 19. Nf5 Rh7 20. Nxg7 Rdh8
21. Nf5 Rxh2 22. Ng3 Ke6 23. f3 R8h4 24. Kf2 gxf3 25. Kxf3 Ke5 26. Nf5 Rh7 27.
Rf2 Ng4 28. Kxg4 f6 29. Raf1 Rh8 30. g3 Rg8+ 31. Kf3 Rh5 32. Kg2 Ke6 33. Nxd6
Kxd6 34. Rxf6+ Kc7 35. Rf7+ Kc8 36. Rf8+ Rxf8 37. Rxf8+ Kc7 38. Rf5 Rxf5 39.
exf5 Kd6 40. Kf3 Ke5 41. g4 Kf6 42. Kf4 b5 43. g5+ Kg7 44. Ke5 a5 45. Kd5 c4
46. Kxd4 cxd3 47. cxd3 Kf7 48. Kc5 b4 49. axb4 axb4 50. Kxb4 Ke7 51. d4 Kf7 52.
d5 Ke7 53. Kc5 Ke8 54. f6 Kf7 55. Kc6 Ke8 56. d6 Kd8 57. g6 Ke8 58. f7+ Kf8 59.
d7 Ke7 60. Kc7 1-0